[Event "Magistral Barcelona Casino"]
[Site "Barcelona ESP"]
[Date "2006.10.19"]
[Round "1"]
[White "Bologan, Viktor"]
[Black "Dominguez, Lenier"]
[Result "0-1"]
[WhiteElo "2659"]
[BlackElo "2655"]
[Annotator "Rodríguez, Am"]
[PlyCount "98"]
[EventDate "2006.10.09"]
[Source "EDAMI"]
[SourceDate "2006.12.20"]

1. e4 c5 2. Nf3 d6 3. d4 cxd4 4. Nxd4 Nf6 5. Nc3 a6 6. Be3 Ng4 7. Bg5 h6 8. Bh4
g5 9. Bg3 Nc6 10. h3 Nge5 11. f3 Bg7 12. Bf2 Ng6 {Esta jugada ha reemplazado a}
(12... Be6 {con la cual Kasparov sufrió ante Leko} 13. Qd2 Qa5 14. Nb3 Bxb3 15.
cxb3 Nb4 16. a3 Ng6 17. Rd1 Nc6 18. Nd5 Qxd2+ 19. Rxd2 O-O 20. b4 {
con agradable final para las blancas, Leko-Kasparov, Linares 2000}) 13. Nd5 {
Una novedad, que no cambia la estructura de la posición, de hecho es un plan
estándar en estas posiciones.} (13. Qd2 Qa5 14. O-O-O Bd7 (14... Be6 15. Kb1
Rc8 16. Nb3 Bxc3 17. Nxa5 Bxd2 18. Nxc6 Rxc6 19. Rxd2 f6 20. b3 {con ligerísima
ventaja blanca pero las negras no tuvieron problemas para entablar,
Tiviakov-Dominguez,L Wijk aan Zee 2004}) 15. Kb1 Rc8 16. g3 Nxd4 17. Bxd4 Bxd4
18. Qxd4 Qe5 {con posibilidades aproximadas aunque las negras se embarcaron en
un sacrificio de calidad y terminaron perdiendo, Svidler-Polgar,J  San Luis
2005}) 13... Rb8 14. Qd2 e6 15. Nc3 Be5 16. O-O-O Qf6 {Ahora las negras están
en condiciones de emprender una masiva simplificación en d4, seguido de Ke7,
alcanzando un sólido final.} 17. Nb3 {y naturalmente, con blancas en una
primera ronda, Bologan retira su caballo pero francamente el resultado de la
apertura no impresiona, el caballo en b3 no sirve de gran utilidad y las
negras logran un juego cómodo.} b5 18. Kb1 Bb7 19. Be2 O-O 20. h4 $6 {
Las blancas sacrifican un peón y es precisamente sólo un peón, un sacrificio
mínimo contra un rey enrocado pero no da nada.} ({
Es comprensible que las blancas estuvieras excépticas a jugar} 20. g3 {
con un propósito similar, porque se ve lenta, pero no se ve nada mejor en la
posición.}) 20... Nxh4 {Las negras aceptan el sacrificio y planean ir más allá
y capturar un segundo peón en g2, que al garantizar la casilla f4 sellaría su
rey para siempre.} 21. g3 $2 {Quizás todo se trate de un problema de cálculo y
las blancas habían previsto esta secuencia completa sin valorar que al final
fallará. Podía jugarse 21.Rdg1, pero también se ve lenta, muy lenta.} Nxf3 22.
Bxf3 Qxf3 {Se podía considerar también la intermedia 22...b4!? pero no había
por qué emplear valioso tiempo en analizar jugadas sofisticadas. Las negras
han ganado material y a largo plazo se han asegurado de una estructura
superior, pareja de alfiles, dominio de las casillas blancas y los peones
blancos aislados y débiles. Todo va a depender ahora de lo que las blancas
puedan hacer contra el rey negro.} 23. Rxh6 Bg7 $1 {La primera de una serie de
jugadas exactas que van a neutralizar por completo el ataque blanco.} 24. Qxg5
f6 $1 {Directa, mejor que 24...Ne5 que también era natural. Lo que no se podía
era capturar el alfil porque a 24...Qxf2?? seguía 25.Rdh1 con mate imparable.}
25. Qh5 (25. Qg6 {Tampoco mejoraba las cosas} Ne5 $1 26. Qh7+ Kf7 {
la dama está encerrada y el alfil sigue colgando.}) 25... Ne5 $1 ({
No tenía sentido entrar en una línea oscura con} 25... Qxf2 26. Rh1 Bxh6 27.
Qxh6 Kf7 28. Qh7+ Ke8 29. Qc7 {y se amenaza Rh7}) 26. Qxf3 Nxf3 {La incursión
de las blancas en el flanco rey ha derivado en un final muy triste, donde las
blancas están estratégicamente perdidas, como pronto quedará bien claro.} 27.
Rh5 b4 28. Na4 {Algo mejor sería posiblemente retirar el caballo a e2, pero no
cambiaría las cosas.} Ng5 {
Las juegan proceden metódicamente. También era fuerte por supuesto 28...Bxe4}
29. Nd2 Nxe4 30. Nxe4 Bxe4 31. Rh2 {Triste pero después de} (31. Rxd6 Rfd8 32.
Rxd8+ Rxd8 {la resistencia sería también mínima.}) 31... Rfc8 32. Be1 d5 {
Es como un sueño, peón central de ventaja y la pareja de alfiles, el resto no
requiere comentarios.} 33. b3 f5 34. Nb2 a5 35. Rc1 Kf7 36. Bd2 Rh8 37. Re2
Rbc8 38. Bf4 e5 39. Be3 Rc6 40. Nd3 Bxd3 41. cxd3 Rxc1+ 42. Bxc1 Rh1 43. Kc2 e4
44. dxe4 fxe4 45. a3 $6 a4 $1 46. Bb2 Bxb2 47. Kxb2 bxa3+ 48. Kxa3 axb3 49.
Kxb3 Rg1 0-1

[Event "Capablanca mem Elite"]
[Site "Havana CUB"]
[Date "2006.11.21"]
[Round "1"]
[White "Ivanchuk, Vassily"]
[Black "Bruzon Bautista, Lazaro"]
[Result "1-0"]
[WhiteElo "2741"]
[BlackElo "2648"]
[Annotator "Martin, A"]
[PlyCount "95"]
[EventDate "2006.11.21"]
[EventType "tourn"]
[EventRounds "10"]
[EventCountry "CUB"]
[EventCategory "17"]
[Source "EDAMI"]
[SourceDate "2006.12.20"]

{Como relata nuestro articulista, Romelio Milián, Ivanchuk jugó esta partida
después de un agotador viaje a través del Atlántico, con el inconveniente
adicional del desfase horario que ello representa. Sin embargo fue capaz de
producir una excelente partida que ilustra muy bien algunas de las sutilezas
de la Apertura Española en el medio juego.} 1. e4 e5 2. Nf3 Nc6 3. Bb5 a6 4.
Ba4 Nf6 5. O-O Be7 6. Re1 b5 7. Bb3 d6 ({Bruzón suele elegir con negras este
esquema defensivo elaborado primeramente por Chigorin y después muchas veces
perfeccionado por destacados jugadores. Por ello no sorprende demasiado que ni
se moleste con amagar el Gambito Marshall} 7... O-O 8. c3 d5 {que últimamente
está bastante de moda, al no haber conseguido las blancas demostrar una vía
clara que les pueda dar ventaja.}) 8. c3 O-O 9. h3 Na5 10. Bc2 c5 11. d4 Qc7
12. Nbd2 {Toda esta continuación estuvo durante muchos años de moda para las
negras hasta que Karpov empezó a popularizar la Variante Zaitsev 9...Bb7 10.d4
Re8. Precisamente fue Karpov quien comenzó a poner en serios apretos a la
causa de las negras cuando en la presente posición, empezó a emplear con éxito,
contra la habitual 12...Nc6, el avance 13.d5 cerrando el centro, que
anteriormente no se consideraba tan peligroso. Por ello, actualmente las
negras prefieren abrir antes una columna en el flanco de dama, que es lo que
ahora hace Bruzón.} cxd4 13. cxd4 Nc6 {este caballo ya no hace mucho en a5 y
por ello las negras lo repliegan, ahora que el avance 14.d5 no resulta tan
peligroso.} 14. Nb3 (14. d5 Nb4 15. Bb1 a5 {para luego llevar el caballo a a6
y eventualmente a c5 se ha probado en muchas partidas, pero los resultados no
son demasiado prometedores. La jugada de la partida está mejor considerada.})
14... a5 15. Be3 a4 16. Nbd2 Bd7 ({
Todo esto es bien conocido, aunque aquí existe una alternativa con} 16... Nb4
17. Bb1 Bd7 {cuya idea principal es dificultar el desarrollo de la torre de a1.
De todas formas, tras} 18. a3 Nc6 19. Bd3 {las blancas resuelven este problema
y se llega a posiciones similares a las de la partida, aunque las blancas
tienen la jugada a3 de más, y en ocasiones resulta más útil que debilitadora.})
17. Rc1 Rac8 ({No es una novedad ni mucho menos, pero puede parecer más lógica
colocar la otra torre en c8, que es una continuación muy empleada, dejando
para la torre de dama la posibilidad de ir a b8 defendiendo el peón b5 que es
uno de los objetivos de ataque de las blancas en esta variante. Bruzón tiene
mucha experiencia en esta línea, aunque él generalmente juega la inmediata} 
17... Qb7 {y por ejemplo una partida jugada contra el propio Ivanchuk en el
torneo de  Skanderborg, 2005 siguió 18.Nf1 Rfc8 19.Ng3 Bd8 20.Bb1 h6 21.Qe2
Bb6 22.dxe5 Bxe3 23.Rxc6 Qxc6 24.exf6 Bf4 25.Nh5 Be5 26.fxg7 Ra6 27.Nh4 Qc1 28.
Nf5 Bxf5 29.exf5 Qxe1+ 30.Qxe1 Rac6 31.Qf1 Rc1 32.Bd3 b4 33.Bb5 b3 34.axb3
axb3 35.Ba4 Rxf1+ 36.Kxf1 Rb8 0-1} 18. Nf1 Rfc8 19. Ng3 Bd8 {(esta es otra de
las ventajas de mover la torre de f8, aunque el alfil no estará mucho tiempo
en d8)} 20. Bb1 h6 21. Qe2 Bb6 {
y ahora Ivanchuk inició unas complicaciones interesantes con} 22. dxe5 Bxe3 23.
Rxc6 Qxc6 24. exf6 Bf4 25. Nh5 Be5 26. fxg7 Ra6 {que parecían muy prometedoras
para él después de 27.Qe3. Sin embargo, continuó con} 27. Nh4 $2 {
omitiendo la fuerte réplica} Qc1 $1 28. Nf5 Bxf5 29. exf5 Qxe1+ 30. Qxe1 Rac6 {
que terminó dando el triunfo a las negras. A pesar del buen resultado logrado
en esa partida, Bruzón elige otro esquema cuya idea es poder retirar la dama a
b8 manteniendo el control sobre e5.}) 18. Bd3 Qb8 19. Qe2 Nb4 {Seguimos en
terreno conocido y esta buena jugada fue utilizada por primera vez por Shirov
frente a Topalov en el torneo de Dortmund de 2002.} 20. Bb1 Rxc1 21. Rxc1 Re8 (
{Esto ya es nuevo. En la mencionada partida entre Topalov y Shirov se jugó} 
21... Rc8 {y tras} 22. Rxc8+ Bxc8 23. Nf1 Bd7 24. Qd2 exd4 25. Nxd4 Nc6 26. Ng3
{las blancas obtuvieron una pequeña ventaja aunque la partida terminó en
tablas. Otras partidas han seguido caminos similares demostrando que el cambio
de torres alivia algo la defensa de las negras. La novedad de Bruzón no parece
del todo satisfactoria, sobre todo si consideramos la decisión que va a tomar
sólo dos jugadas más tarde.}) 22. b3 ({En lugar de la estereotipada} 22. Nf1 {
Ivanchuk busca otras posibilidades para su caballo.}) 22... axb3 $6 ({
Y con esta respuesta las negras conceden dichas posibilidades. Parecía más
lógica} 22... a3 23. d5 Rc8 24. Nf1) 23. Nxb3 Rc8 ({Bruzón no encuentra nada
mejor que proponer el cambio de torres que antes omitió. Pero realmente no
existen alternativas prometedoras, pues si} 23... Nc6 24. d5 Nb4 25. Qd2 Na6
26. Na5 {y la amenaza Nc6 resulta muy molesta.}) ({Tampoco} 23... exd4 24.
Nfxd4 Bf8 25. Qd2 Na6 {es del todo satisfactorio vistas las debilidades de la
estructura negra, aunque seguramente era preferible a la continuación elegida
en la partida.}) 24. Rxc8+ Bxc8 25. Bd2 Na6 (25... Nc6 26. d5 Na7 27. Bb4 {
es también ventajoso para las blancas.}) 26. Bd3 {Las blancas tienen ventaja
pues las negras tienen que atender a la presión blanca sobre b5 y e5, lo que
limita bastante sus posibilidades. El juego de Ivanchuk es un modelo sobre
como tratar estas posiciones de la Española.} Bd7 27. dxe5 dxe5 28. Bc3 Bd6 29.
Qb2 {Finalmente las blancas han ganado la batalla estratégica y el punto e5 ya
no puede defenderse. Ahora hay que afinar en las complicaciones tácticas que
las negras lógicamente van a buscar.} Bc6 ({Tampoco} 29... Nb4 30. Bxb4 Bxb4
31. Nxe5 {da nada a las negras por su peón.}) 30. Bxe5 Nb4 (30... Bxe5 31. Qxe5
Nxe4 {se responde con} 32. Nbd4 Qxe5 33. Nxe5 Bd5 34. Bxb5 Nc7 35. a4 {
y las blancas quedan con un peón de ventaja en el final.}) 31. Qd4 $1 Bxe5 ({No
} 31... Nxd3 $2 32. Bxd6) 32. Nxe5 Be8 (32... Nxd3 33. Nxc6 Qc7 34. e5 {
es también malo para las negras.}) 33. Bb1 {Lo más sencillo. Las blancas
consolidan su peón de más y el resto no presenta dificultades especiales para
Ivanchuk.} Na6 34. Nf3 Nd7 35. e5 Nf8 36. Qe3 Nc7 37. Nbd4 Nd5 38. Qb3 Ne7 39.
Bd3 (39. a4 b4 40. a5 {era también muy prometedora. El método ganador es
simplemente una cuestión de gustos.}) 39... Neg6 40. Bxb5 Nxe5 41. a4 Nxf3+ 42.
Qxf3 g6 43. Qf6 h5 44. g3 {
Para seguir con Qe7 y evitar cualquier contraataque con ...Qf4.} Bd7 45. Kh2 ({
Nuevamente el camino más simple, defendiendo el peón h3.} 45. Bc4 Qe8 46. a5
Bxh3 47. a6 {
erea también bueno, pero las blancas no necesitan apresurarse de ese modo.})
45... Qa7 46. h4 Qa5 47. Bc4 Be8 48. Nc6 {un elegante remate final. El caballo
no puede tomarse por el mate en dos y de otro modo el jaque en e7 resulta
decisivo. Las negras se rindieron.} 1-0

[Event "Iberoamericano"]
[Site "Ayamonte"]
[Date "2006.11.11"]
[Round "2"]
[White "Granda, Julio"]
[Black "De la Riva Aguado, Oscar"]
[Result "0-1"]
[WhiteElo "2646"]
[BlackElo "2524"]
[Annotator "De la Riva, O"]
[PlyCount "50"]
[EventDate "2006.11.??"]
[Source "EDAMI"]
[SourceDate "2006.12.20"]

1. d4 d5 2. c4 c6 3. Nf3 Nf6 4. Nc3 a6 5. c5 Bf5 {En varias partidas
anteriores había jugado Nbd7 que es la alternativa principal. Lo cierto es que
ante la previsión de que Julio podía elegir entre muchas opciones decidí no
preparar a fondo la partida sino elegir en función del esquema utilizado por
mi rival. De este modo me sorprendió un poco la elección de las blancas, así
que para evitar sorpresas decidí cambiar de esquema de juego.} 6. Qb3 {
Esta respuesta "automática" no me parece la mejor alternativa blanca en esta
posición. La jugada obliga a las negras a jugar Qc8, pero esta jugada se
incluye en su plan de juego para habilitar la maniobra Be7-d8-c7. Muchos
jugadores prefieren jugar Bf4 y e3, manteniendo la opción de b4-b5.} Qc8 7. h3
Nbd7 8. Bf4 h6 {Una jugada psicológica. Yo había visto partidas donde las
negras jugaban tranquilamente e6 permitiendo la maniobra Nh4 para cambiar el
alfil confiando en la solidez de la estructura que es perféctamente posible.
Viendo partidas de Granda me fijé en que en general tenía cierta predilección
por los alfiles por lo que decidí que era una buena idea mantener el de
casillas blancas.} 9. g4 {Realizada tras una larga reflexión. Evidéntemente la
alternativa es e3 seguido de Be2 y 0-0, pero creo que en ese caso con e6, Be7
seguido de 0-0, Re8, Bd8-c7 las negras tienen una posición muy sólida.} Bg6 $6
(9... Bh7 $142 {
Es la casilla natural y no estoy muy seguro de como explicar mi retirada a g6.}
) 10. Na4 $5 {Mediante esta maniobra las blancas tratan de explotar la
colocación del alfil en g6. Se plantea Ne5 con las amenazas g5 y Nb6.} Be4 $1 {
Rectificar es de sabios y más vale reconocer a tiempo el error anterior antes
de que sea tarde. Al evitar Ne5 se gana un tiempo importante para continuar el
desarrollo.} 11. Rg1 e6 12. h4 {Una decisión arriesgada ya que compromete
seriamente el flanco de rey. Puede que fuera mejor Ne5.} (12. Ne5 Be7 {
Seguido de Bd8-c7 con una posición complicada}) 12... Be7 13. g5 hxg5 14. hxg5
Nh5 15. Bh2 {#DIAGRAMA} Bxf3 $1 {Una decisión importante. Las blancas amenazan
Ne5 y el alfil negro tendría problemas para encontrar buenas casillas de
retirada. Las negras ceden el par de alfiles, pero mantienen una buena
posición de bloqueo.} 16. exf3 $2 {Nueva reflexión, pero esta captura es un
grave error. Supongo que mi rival confiaba el la siguiente jugada ya que
posicionalmente no tiene ninguna justificación.} (16. Qxf3 g6 17. O-O-O Bd8 $13
{Era la posición que esperaba alcanzar con opciones para ambos lados.}) 16...
g6 17. Be5 $2 {Para jugar con f4 si las negras mueven la torre, pero...} (17.
O-O-O Bd8 $15) 17... Nxe5 $1 {Este sacrificio de calidad deja a las blancas en
una posición inferior. En cualquier caso creo que las blancas tenían que
aceptarlo ya que la alternativa es mucho peor.} 18. dxe5 (18. Nb6 Qb8 19. Nxa8
Qxa8 20. dxe5 Bxc5 $15 {Con idea de Bd4 y Qa7. Las negras tienen una excelente
estructura de peones y la posición blanca carece de contrajuego.}) 18... Qc7
19. Qc3 (19. O-O-O Qxe5 20. Qxb7 Bxg5+ 21. Kb1 O-O $17) 19... d4 $1 {Tras esta 
jugada que abre la posición se aprecian cláramente las múltiples debilidades
creadas en el avance del flanco de rey.} 20. Qxd4 Qa5+ $2 {Tras dudar entre
este jaque y Rd8 elegí justo la peor. Es curioso, pero no me dí cuenta de la
respuesta de las blancas (y afortunadamente Julio tampoco) hasta que fritz
empezó a dar saltos de alegría en mi portatil. Uno se piensa que ha jugado
bien, que ha realizado una buena partida y ahí está la maquinita para sonrojar
a cualquiera...} (20... Rd8 $1 21. Qc3 (21. Qe3 Qa5+ 22. Nc3 Bxc5 $19) 21...
Rd5 $19 {y la posición blanca es desesperada.}) 21. Nc3 $2 (21. Qd2 $3 {
Por supuesto, ni se me ocurrió. Si las negras capturan en a4, Rg4 caza la dama
y hay que devolver la pieza lllegando a una posición igualada.} Qxa4 22. Rg4
Bxg5 23. Qxg5 (23. Rxa4 Bxd2+ 24. Kxd2 O-O-O+ 25. Ke3 Rd5 $17) 23... Qa5+ 24.
b4 Qd8 (24... Qa3 25. Qe3 Qb2 26. Qd4 $11) 25. Qxd8+ Rxd8 26. Rd1 $11) 21...
Bxc5 {Ahora está todo en su sitio y la posición blanca es desesperada.} 22. Qc4
O-O-O (22... Bxf2+ $2 23. Kxf2 Qb6+ 24. Kg2 Qe3 (24... Qxb2+ 25. Be2 $16) 25.
Ne2 Qxg5+ 26. Kf2 Qxe5 $44) 23. Rg4 Ba7 {Realizada tras unos diez minutos de
reflexión. Lo cierto es que mi intuición me decía que la posición debía tener
elementos tácticos suficientes para rematar la partida, pero el poco tiempo en
el reloj de mi rival junto con la gran ventaja posicional me convencieron de
que lo mejor era jugar tranquilo y así no meter la pata.} (23... Qb6 $1 {
Era más fuerte y ganaba de manera forzada.} 24. Qe2 (24. Nd1 Rxd1+ $1 25. Kxd1
(25. Rxd1 Bxf2+ 26. Kd2 Qxb2+ 27. Qc2 Be3+ $19) 25... Qxb2 26. Rc1 Rd8+ 27. Bd3
Qxf2 $19) 24... Nf4 $3 25. Rxf4 Rh2 26. Nd1 (26. Ne4 Qb4+ $19) 26... Qa5+ 27.
Nc3 Bxf2+ $19) 24. Re4 (24. Qe2 Bd4 $19) 24... Qb6 25. Qe2 Ng7 $19 {Mi rival de
cidió abandonar. De hecho ante las amenazas Rh2 y Nf5-d4 no existe una defensa
satisfactoria.} 0-1